Inexecuȯ̂ das obrigaė̳s pressupostos, evoluȯ̂ e remďios / Volume II

Detalles Bibliográficos
Autor principal: Valverde Terra, Aline de Miranda
Otros Autores: Sampaio da Cruz Guedes, Gisela
Formato: eBook
Lenguaje:portugués
Publicado: Rio de Janeiro: Editora Processo, 2021
Materias:
Acceso en línea:Acceso restringido

MARC

LEADER 00000nam a22000007a 4500
005 2022081209069.0
007 cr|||| |||
008 220812s2021 br |||||s|||| 00||0 por d
020 |a 9786589351702 
035 |a 36810 
040 |a vLex 
090 |c 13684  |d 13684 
100 1 |a Valverde Terra, Aline de Miranda 
245 1 0 |a Inexecuȯ̂ das obrigaė̳s  |h [Recurso electrn̤ico] :  |b pressupostos, evoluȯ̂ e remďios /  |c Aline de Miranda Valverde Terra, Gisela Sampaio da Cruz Guedes  |n Volume II 
256 |a Servicio en ln̕ea 
260 |a Rio de Janeiro:  |b Editora Processo,  |c 2021 
300 |a 1 recurso electrn̤ico 
500 |a Este volume, assim como o volume I, tambm̌ se divide em duas grandes partes, nas quais se distribuem seus 34 capt̕ulos: uma geral e outra especial. Na primeira, revisitaram-se temas cls̀sicos da teoria geral da inexecuȯ̂ das obrigaė̳s a fim de compreend-̊los a partir da contemporńea dogmt̀ica obrigacional, a exemplo dos juros, das arras, da clùsula penal, da exceȯ̂ de inseguridade, da denn︢cia. A alteraȯ̂ superveniente das circunstńcias ganhou especial destaque neste volume, em razô dos inm︢eros problemas enfrentados por forȧ da pandemia; analisaram-se temas como a contratualizaȯ̂ do fortuito, a quebra da base do negc̤io, e a teoria da excessiva onerosidade e seus efeitos. Na parte especial, cuidou-se de problemas relacionados ̉inexecuȯ̂ das obrigaė̳s em situaė̳s especf̕icas. Tratou-se, por exemplo, do inadimplemento de obrigaė̳s acessr̤ias e do dever de cuidado nas tratativas ao contrato de trabalho; do inadimplemento do contrato de franquia em razô; da responsabilidade ps̤-contratual e violaȯ̂ da obrigaȯ̂ de nô concorrn̊cia; dos meios de tutela diante da violaȯ̂ do direito de prefern̊cia contratual; da clùsula de wash-out nos contratos de compra e venda de commodities a preȯ fixo etc. Os dois volumes dessa obra ren︢em as queste̳s mais atuais sobre Inexecuȯ̂ das Obrigaė̳s. 
506 1 |a Disponible solo en los productos indicados  |d vLex Global  |d vLex Global (Academic Edition, excluding Law Schools)  |d vLex Global (U.S. Academic Edition, Law Schools)  |d vLex Global (U.S. Academic Edition, excluding Law Schools)  |d vLex Global (Academic Edition, Law Schools) 
650 0 4 |a Derecho Civil  |z Brasil 
700 1 |a Sampaio da Cruz Guedes, Gisela 
740 0 |a vLex Libros (Servicio en ln̕ea) 
856 4 0 |u https://app.vlex.com/#/sources/36810  |z Acceso restringido 
942 |c BOOK 
999 0 |a Civil Law